000
00271nam a2200109Ia 4500
008
220120s9999||||xx |||||||||||||| ||und||
100
_a
Kraus, John D and Others
_9
11807
245
0
_a
Antennas
260
_a
Tata mc graw hill
300
_b
370
650
_a
TELECOMMUNICATION
999
_c
137279
_d
137279